000 nam a22 7a 4500
999 _c9321
_d9321
008 180127b ||||| |||| 00| 0 eng d
100 _aSunitha Jaisingh
_95576
245 _aPractice Questions in Mathematics-VI
260 _aNew Delhi
_bArya
_c2008